[Event "Mittelfrank Regionalliga Nord-Ost 2223"]
[Site "Mittelfranken"]
[Date "2023.03.05"]
[Round "7.7"]
[White "Ross, Sandra"]
[Black "Maettig, Stefan"]
[Result "0-1"]
[WhiteElo "1740"]
[BlackElo "1916"]
[PlyCount "45"]
[EventDate "2022.10.09"]
[EventType "team-tourn"]
[EventRounds "9"]
[EventCountry "GER"]
[SourceTitle "EXT 2024"]
[Source "ChessBase"]
[SourceDate "2023.10.10"]
[SourceVersion "1"]
[SourceVersionDate "2023.10.10"]
[SourceQuality "1"]
[WhiteTeam "Nuernberg Jaeklechemie"]
[BlackTeam "Nuernberg Noris Tarrasch III"]
[WhiteTeamCountry "GER"]
[BlackTeamCountry "GER"]

1. e4 d6 2. d4 Nf6 3. Nc3 c6 4. Nf3 b5 5. Bd3 Nbd7 6. e5 Ng8 7. e6 fxe6 8. Ng5 Ndf6 9. Qf3 b4 10. Ne2 Nh6 11. Qxc6+ Bd7 12. Qf3 Nf7 13. h4 Rb8 14. a3 a5 15. axb4 axb4 16. g4 Qc7 17. Ra8 Nd8 18. Rxb8 Qxb8 19. Bd2 Bc6 20. Ne4 Qa8 21. Nxf6+ exf6 22. d5 Bxd5 23. Bb5+ 0-1

[Event "Mittelfranken-chTB2a 1819"]
[Site "Mittelfranken"]
[Date "2019.03.31"]
[Round "8.7"]
[White "Ross, Sandra"]
[Black "Koschka, Robert"]
[Result "1/2-1/2"]
[WhiteElo "1721"]
[BlackElo "1851"]
[PlyCount "55"]
[EventDate "2018.10.14"]
[EventType "team-tourn"]
[EventRounds "9"]
[EventCountry "GER"]
[SourceTitle "EXT 2022"]
[Source "ChessBase"]
[SourceDate "2021.10.06"]
[SourceVersion "1"]
[SourceVersionDate "2021.10.06"]
[SourceQuality "1"]
[WhiteTeam "Jaecklechemie SC"]
[BlackTeam "Fuerth SF"]
[WhiteTeamCountry "GER"]
[BlackTeamCountry "GER"]

1. e4 e5 2. Nf3 Nc6 3. Bb5 f5 4. Nc3 fxe4 5. Nxe4 Nf6 6. Qe2 Qe7 7. 0-0 d5 8. Ng3 e4 9. Nd4 Bd7 10. Bxc6 bxc6 11. d3 c5 12. Ndf5 Bxf5 13. Nxf5 Qe5 14. dxe4 dxe4 15. Qb5+ Kf7 16. Qb3+ Qd5 17. Ne3 Qxb3 18. axb3 Bd6 19. Bd2 Rhe8 20. Bc3 Be5 21. Bxe5 Rxe5 22. Ra4 a6 23. Rfa1 Re6 24. Rc4 Re5 25. Ra5 Nd7 26. b4 Rb8 27. b3 Rxb4 28. Rxb4 1/2-1/2

[Event "Mittelfranken-chTB2a 1718"]
[Site "Mittelfranken"]
[Date "2018.01.28"]
[Round "4.7"]
[White "Puehn, Georg"]
[Black "Ross, Sandra"]
[Result "1/2-1/2"]
[WhiteElo "1870"]
[BlackElo "1731"]
[PlyCount "43"]
[EventDate "2017.10.08"]
[EventType "team-tourn"]
[EventRounds "9"]
[EventCountry "GER"]
[SourceTitle "EXT 2022"]
[Source "ChessBase"]
[SourceDate "2021.10.06"]
[SourceVersion "1"]
[SourceVersionDate "2021.10.06"]
[SourceQuality "1"]
[WhiteTeam "Nuernberg Sued SW IV"]
[BlackTeam "Jaecklechemie SC"]
[WhiteTeamCountry "GER"]
[BlackTeamCountry "GER"]

1. e4 e5 2. Nf3 Nc6 3. Bb5 a6 4. Ba4 Nf6 5. 0-0 Be7 6. Re1 b5 7. Bb3 d6 8. c3 0-0 9. h3 Re8 10. d3 h6 11. Nbd2 Bf8 12. Nf1 Na5 13. Bc2 c5 14. Ng3 g6 15. Be3 Nc6 16. Qd2 Kh7 17. d4 cxd4 18. cxd4 Bb7 19. Rad1 Qa5 20. Qxa5 Nxa5 21. Bd2 Rac8 22. Bd3 1/2-1/2

[Event "Mittelfranken-chTB2a 1415"]
[Site "Mittelfranken"]
[Date "2015.02.08"]
[Round "6.4"]
[White "Ross, Sandra"]
[Black "Stolpynskyy, Mark"]
[Result "0-1"]
[WhiteElo "1737"]
[BlackElo "1965"]
[PlyCount "154"]
[EventDate "2014.09.28"]
[EventType "team-tourn"]
[EventRounds "9"]
[EventCountry "GER"]
[SourceTitle "EXT 2020"]
[Source "ChessBase"]
[SourceDate "2019.10.17"]
[SourceVersion "1"]
[SourceVersionDate "2019.10.17"]
[SourceQuality "1"]
[WhiteTeam "Buechenbach/Roth II"]
[BlackTeam "Nuernberg Sued SW IV"]
[WhiteTeamCountry "GER"]
[BlackTeamCountry "GER"]

1. e4 c6 2. d4 d5 3. exd5 cxd5 4. Bd3 Nc6 5. c3 Nf6 6. Bf4 a6 7. Nf3 e6 8. Ne5 Be7 9. Nd2 Bd7 10. 0-0 Rc8 11. Qe2 0-0 12. a4 Be8 13. Rfc1 Nd7 14. Qh5 f5 15. Nxc6 Bxh5 16. Nxd8 Rfxd8 17. a5 g5 18. Be5 Nxe5 19. dxe5 g4 20. Nb3 Rc7 21. Nd4 Bf7 22. g3 Rdc8 23. Kg2 Bc5 24. Rh1 h5 25. h3 Bf8 26. Rhe1 Bg7 27. Ra3 Re7 28. Raa1 Bg6 29. h4 Rf8 30. Ra3 Rc8 31. Raa1 Bf7 32. Ra3 Bf8 33. Raa1 Rec7 34. Red1 Be7 35. Re1 Bc5 36. Red1 Kf8 37. Re1 Ke7 38. Red1 Be8 39. Kf1 Ra8 40. Ke2 Kd7 41. Rf1 Bf8 42. Rfe1 Bg7 43. Kf1 Bh6 44. Ne2 Ke7 45. Nf4 Bxf4 46. gxf4 Bb5 47. Red1 Bxd3+ 48. Rxd3 Rc4 49. Rd4 Rxd4 50. cxd4 Rc8 51. Ra3 Rc1+ 52. Kg2 Kd7 53. Rb3 Kc7 54. Rb6 Rc6 55. Rb3 b6 56. axb6+ Rxb6 57. Rc3+ Kb7 58. b3 Rb4 59. Rd3 Rb6 60. Kf1 Rc6 61. Ke2 Kb6 62. Kd2 Kb5 63. Rg3 Kb4 64. Rd3 a5 65. Rg3 a4 66. bxa4 Kxa4 67. Rg1 Rc4 68. Rb1 Rxd4+ 69. Kc3 Rxf4 70. Rb6 Rxf2 71. Rxe6 g3 72. Rg6 f4 73. Kd4 Rd2+ 74. Kc5 d4 75. e6 d3 76. Kd6 Re2 77. e7 d2 0-1

[Event "Mittelfranken-chTB2b 1112"]
[Site "Germany"]
[Date "2012.02.05"]
[Round "6.6"]
[White "Schatz, Werner"]
[Black "Ross, Sandra"]
[Result "1-0"]
[WhiteElo "1947"]
[BlackElo "1770"]
[PlyCount "39"]
[EventDate "2011.09.25"]
[EventType "team-tourn"]
[EventRounds "9"]
[EventCountry "GER"]
[SourceTitle "EXT 2013"]
[Source "ChessBase"]
[SourceDate "2012.11.22"]
[SourceVersion "1"]
[SourceVersionDate "2012.11.22"]
[SourceQuality "1"]
[WhiteTeam "Schwanstetten"]
[BlackTeam "Buechenbach/Roth II"]
[WhiteTeamCountry "GER"]
[BlackTeamCountry "GER"]

1. Nf3 Nf6 2. c4 e6 3. g3 d5 4. d4 c6 5. cxd5 exd5 6. Bg2 Bf5 7. 0-0 Bd6 8. Nc3 0-0 9. Bg5 h6 10. Nh4 Bh7 11. Bxf6 Qxf6 12. e4 dxe4 13. Nxe4 Qd8 14. Qb3 Bxe4 15. Bxe4 Qb6 16. Qf3 Nd7 17. Nf5 Qc7 18. Qg4 g6 19. Nxh6+ Kg7 20. Nf5+ 1-0

[Event "GER-ch23 V02 (Women) email"]
[Site "GER email"]
[Date "2011.05.21"]
[Round "?"]
[White "Ross, Sandra"]
[Black "Schaffrinna, Anke"]
[Result "1-0"]
[WhiteElo "1640"]
[BlackElo "1938"]
[PlyCount "59"]
[EventDate "2011.05.30"]
[EventType "tourn (corr)"]
[EventRounds "6"]
[EventCountry "GER"]
[SourceTitle "Corr 2015"]
[Source "ChessBase"]
[SourceDate "2015.07.17"]
[SourceVersion "1"]
[SourceVersionDate "2015.07.17"]
[SourceQuality "1"]

1. e4 e5 2. Nf3 Nc6 3. Bb5 a6 4. Ba4 Nf6 5. 0-0 Be7 6. Re1 b5 7. Bb3 d6 8. c3 0-0 9. h3 Na5 10. Bc2 c5 11. d4 Qc7 12. Nbd2 exd4 13. cxd4 Bb7 14. d5 Nd7 15. b3 Bf6 16. Rb1 Rfe8 17. Nf1 Ne5 18. Nxe5 Bxe5 19. Nh2 Bf6 20. Ng4 Bc3 21. Qd3 Bxe1 22. e5 g6 23. Nf6+ Kg7 24. Qe3 Bxf2+ 25. Kxf2 Rxe5 26. Qh6+ Kxf6 27. Qh4+ g5 28. Bxg5+ Rxg5 29. Qf4+ Kg7 30. Qxg5+ 1-0